Kódex etiky v poisťovníctve a jeho význam v účtovníctve poisťovní diplomová práca

Saved in:
Bibliographic Details
Main Author: Beranová, Eva
Corporate Author: Fakulta hospodárskej informatiky EU. Katedra účtovníctva a audítorstva
Other Authors: Juhászová, Zuzana, 1970-
Format: Book
Language:Slovak
Published: Bratislava 2011
Tags: Add Tag
No Tags, Be the first to tag this record!

MARC

LEADER 00000nbm a2200000 4500
001 0132136
005 20161109101750.6
041 0 |a slo 
044 |a SK 
245 1 0 |a Kódex etiky v poisťovníctve a jeho význam v účtovníctve poisťovní  |b diplomová práca  |c Eva Beranová ; školiteľ: Zuzana Juhászová 
264 1 |a Bratislava  |c 2011 
300 |a 85 s. 
100 1 |a Beranová, Eva 
700 1 |a Juhászová, Zuzana, 1970- 
710 2 |a Fakulta hospodárskej informatiky EU. Katedra účtovníctva a audítorstva